| 000 | 01141nam a22003495a 4500 | ||
|---|---|---|---|
| 001 | 002710 | ||
| 003 | armpunfd | ||
| 005 | 20140612090713.0 | ||
| 008 | 131108s2009####ag############000#0#und#d | ||
| 020 | _a9789870313939 | ||
| 040 |
_aarmpunfd _carmpunfd |
||
| 080 | _a341 c 588 | ||
| 245 | 1 | 0 | _aCompendio de normas internacionales de derecho internacional pùblico. |
| 250 | _a5ª ed. | ||
| 260 |
_aBuenos Aires : _bLa Ley, _c2009. |
||
| 300 |
_a832 p. ; _c24 x 17 cm. |
||
| 650 | 7 |
_aAntartida _2LEMB |
|
| 650 | 7 |
_aCarta de las Naciones Unidas _2LEMB |
|
| 650 | 7 |
_aComunidad Europea _2LEMB |
|
| 650 | 7 |
_aConvencion Americana sobre Derechos Humanos _2LEMB |
|
| 650 | 7 |
_aConvencion de Viena _2LEMB |
|
| 650 | 7 |
_aDerecho de los Tratados _2LEMB |
|
| 650 | 7 |
_aDerecho del Mar _2LEMB |
|
| 650 | 7 |
_aDerecho Internacional Publico _2LEMB |
|
| 650 | 7 |
_aEstatuto de la Corte interamericana de Derechos Humanos _2LEMB |
|
| 650 | 7 |
_aEstatuto de Roma _2LEMB |
|
| 650 | 7 |
_aMedio Ambiente _2LEMB |
|
| 650 | 7 |
_aTratado Antartico _2LEMB |
|
| 650 | 7 |
_aTratados de Integracion ( Mercosur) _2LEMB |
|
| 942 |
_c _2cdu |
||
| 945 |
_aCELESTE _d2013-11-08 |
||
| 999 |
_c2599 _d233103 |
||